000 00296nam a22001337a 4500
008 181207b xxu||||| |||| 00| 0 eng d
020 _a9780071737678
041 _aeng
080 _a610.73
100 _a2
101 _aINF
245 _aPocket Drug Guide 2011
_cBarberio,J.A
942 _2udc
_cBK
999 _c53065
_d53065